University Home | Library Home | Institutional Repository

Introduction to counseling and guidance / (Record no. 124856)

MARC details
000 -LEADER
fixed length control field 00596cam a2200181 4500
008 - FIXED-LENGTH DATA ELEMENTS--GENERAL INFORMATION
fixed length control field 150923n 000 0 eng u
020 ## - INTERNATIONAL STANDARD BOOK NUMBER
International Standard Book Number 0132735334
035 ## - SYSTEM CONTROL NUMBER
System control number (Sirsi) a192694
050 ## - LIBRARY OF CONGRESS CALL NUMBER
Classification number BF 637.C6 GIB 1999
100 ## - MAIN ENTRY--PERSONAL NAME
Personal name Gibson, Robert L.
245 ## - TITLE STATEMENT
Title Introduction to counseling and guidance /
Statement of responsibility, etc. Robert L. Gibson and Marianne H. Mitchell.
250 ## - EDITION STATEMENT
Edition statement 5th ed.
260 ## - PUBLICATION, DISTRIBUTION, ETC.
Place of publication, distribution, etc. Upper Saddler River, N.J. :
Name of publisher, distributor, etc. Merrill,
Date of publication, distribution, etc. 1999.
300 ## - PHYSICAL DESCRIPTION
Extent xvi, 592 p. :
Other physical details ill.
504 ## - BIBLIOGRAPHY, ETC. NOTE
Bibliography, etc. note Includes bibliographical references and indexes.
650 ## - SUBJECT ADDED ENTRY--TOPICAL TERM
Topical term or geographic name entry element Counseling.
700 ## - ADDED ENTRY--PERSONAL NAME
Personal name Mitchell, Marianne.

No items available.

© 2026 - The University of Zambia Library - Koha v25.11